| 000 | 02174nam a2200493Ii 4500 | ||
|---|---|---|---|
| 001 | DIGKATZ0001 | ||
| 003 | NyNyDIG | ||
| 006 | m o d | ||
| 007 | cr ||||||||||| | ||
| 008 | 211214s2007 ag ob 000 0 spa d | ||
| 035 | _a(OCoLC)1319852562 | ||
| 040 |
_aDGITA _beng _erda _epn _cDGITA |
||
| 020 |
_z9789871283477 _qArgentina |
||
| 020 |
_z9788496859036 _qEspaña |
||
| 041 |
_aspa _hfre |
||
| 050 | 1 | 4 | _aJA71 ebook |
| 100 | 1 |
_aAlthusser, Louis, _d1918-1990, _eauthor. |
|
| 240 | 1 | 0 |
_aPolitique et histoire, de Machiavel à Marx. _lSpanish _s(Garzonio) |
| 245 | 1 | 0 |
_aPolítica e historia, de Maquiavelo a Marx : _bcursos en la Escuela Normal Superior, 1955-1972 / _cLouis Althusser ; texto establecido, presentado y anotado por François Matheron ; traducido por Sandra Garzonio. |
| 250 | _aPrimera edición. | ||
| 264 | 1 |
_aBuenos Aires ; _aMadrid : _bKatz, _c2007. |
|
| 300 | _a1 online resource. | ||
| 336 |
_atext _btxt _2rdacontent |
||
| 337 |
_acomputer _bc _2rdamedia |
||
| 338 |
_aonline resource _bcr _2rdacarrier |
||
| 347 |
_atext file _2rdaft |
||
| 347 | _bPDF | ||
| 490 | 1 | _aConocimiento | |
| 504 | _aIncludes bibliographical references. | ||
| 588 | 0 | _aOnline resource; title from PDF title page (Digitalia, viewed December 14, 2021) | |
| 650 | 0 |
_aPolitical science _xPhilosophy _xHistory. |
|
| 650 | 0 |
_aHistory _xPhilosophy _xHistory. |
|
| 655 | 0 | _aElectronic books. | |
| 700 | 1 |
_aMatheron, François, _econtributor agent of text. |
|
| 700 | 1 |
_aGarzonio, Sandra, _etranslator. |
|
| 700 | 1 |
_iTranslation of: _aAlthusser, Louis, _d1918-1990. _tPolitique et histoire, de Machiavel à Marx. |
|
| 791 | 2 |
_aDigitalia (Firm), _edistributor. |
|
| 830 | 0 | _aConocimiento (Buenos Aires, Argentina) | |
| 793 | 0 |
_gDigitalia eBook Collection: _aKatz Editores |
|
| 776 | 0 | 8 |
_iPrint version: _aAlthusser, Louis, 1918-1990. _sPolitique et histoire, de Machiavel à Marx. Spanish (Garzonio). _tPolítica e historia, de Maquiavelo a Marx. _bPrimera edición. _dBuenos Aires ; Madrid : Katz, 2007 _z9789871283477 |
| 856 | 4 | 0 |
_3Digitalia Hispánica _uhttps://www.digitaliapublishing.com/a/61579/ |
| 910 | _aPremium collection: 2022 | ||
| 942 | _cRAA | ||
| 999 |
_c257818 _d257818 |
||